000 01051cam a2200241 4500
001 WS121857
008 030401n 000 0 eng u
035 _a(Sirsi) u121857
110 _aWright Hassall
_94422
245 _aWright Hassell
520 _aWeb site for this regional law firm with a specialist construction and engineering department providing advice concerning contentious and non-contentious matters, mediation, adjudication and arbitration.
650 _aLAW FIRMS
650 _aMEDIATION
650 _aMANAGEMENT-DISPUTE AVOIDANCE, MANAGEMENT AND RESOLUTION-DISPUTE MANAGEMENT AND RESOLUTION-ALTERNATIVE DISPUTE RESOLUTION-ADJUDICATION
650 _aMANAGEMENT-DISPUTE AVOIDANCE, MANAGEMENT AND RESOLUTION-DISPUTE MANAGEMENT AND RESOLUTION-ARBITRATION
650 _aLEGAL ADVICE
650 _aHOUSING LAW
650 _aCONSTRUCTION LAW
650 _aFARMING
690 _aDispute resolution
_96236
856 4 0 _uhttps://www.wrighthassall.co.uk
_zView the website free of charge at www.wrighthassall.co.uk...
942 _n0
999 _c120253
_d120253